000 00187 a2200097 4500
020 _a9788424159481
041 _aspa
100 _aHenkes, Kevin
245 _aPalabras de piedra
942 _cBK
999 _c5416
_d5416